Statistics for Megacities of the World

Click here to take the quiz!

General Stats

  • This quiz has been taken 56 times
  • The average score is 34 of 42

Answer Stats

CountryCity% Correct
ChinaShanghai
98%
IndiaDelhi
96%
United KingdomLondon
96%
MexicoMexico
96%
South KoreaSeoul
96%
ChinaBeijing
94%
EgyptCairo
94%
RussiaMoscow
94%
United StatesNew York
94%
FranceParis
94%
BrazilRio de Janeiro
94%
PhilippinesManilla
92%
JapanOsaka
92%
JapanTokyo
92%
ArgentinaBuenos Aires
90%
VietnamHo Chi Minh
90%
TurkeyIstanbul
90%
South AfricaJohannesburg
90%
NigeriaLagos
90%
IndiaMumbai
90%
ThailandBangkok
88%
PeruLima
88%
BrazilSao Paulo
88%
ColombiaBogota
86%
IranTehran
86%
IndonesiaJakarta
84%
United StatesLos Angeles
84%
ChinaGuangzhou
82%
PakistanKarachi
80%
DR CongoKinshasa
80%
IndiaKolkata
80%
BangladeshDhaka
78%
PakistanLahore
71%
IndiaChennai
69%
IndiaBangalore
67%
IndiaHyderabad
59%
JapanNagoya
59%
ChinaTianjin
55%
ChinaChengdu
53%
ChinaChongqing
49%
ChinaShenzhen
47%
ChinaXiamen
33%

Score Distribution

Percentile by Number Answered

Percent of People with Each Score

Your Score History

You have not taken this quiz